| 000 | 01844cam a2200433 a 4500 | ||
|---|---|---|---|
| 001 | 15673740 | ||
| 005 | 20170105102918.0 | ||
| 008 | 090325s2009 nyu b 001 0 eng | ||
| 010 | _a 2009012515 | ||
| 020 | _a9781850659594 (alk. paper) | ||
| 035 | _a(OCoLC)ocn286517971 | ||
| 040 |
_aDLC _cDLC _dBTCTA _dYDXCP _dC#P _dBWX _dCDX _dVVC _dGEBAY _dDLC |
||
| 042 | _apcc | ||
| 043 |
_aa------ _an-us--- _ae------ |
||
| 050 | 0 | 0 |
_aUA830 _b.P66 2009 |
| 082 | 0 | 0 |
_a355.02095 _222 |
| 100 | 1 |
_aPorter, Patrick, _d1976- |
|
| 245 | 1 | 0 |
_aMilitary orientalism : _bEastern war through Western eyes / _cPatrick Porter. |
| 260 |
_aNew York : _bColumbia University Press, _cc2009. |
||
| 300 |
_ax, 263 p. ; _c23 cm. |
||
| 490 | 1 | _aCritical war studies series | |
| 504 | _aIncludes bibliographical references (p. 199-253) and index. | ||
| 505 | 0 | _aThe embattled west -- Rethinking war and culture -- watching the rising sun: observing Japan at war -- The ghost of Genghis: Mongols and the western imagination -- Exotic enemy? America, the Taliban and the fog of culture -- Hizballa, Israel and the 2006 'July war': the divine victory. | |
| 648 | 7 |
_aGeschichte _2swd |
|
| 650 | 0 |
_aMilitary art and science _zAsia. |
|
| 650 | 0 |
_aWar and society _zAsia. |
|
| 650 | 0 |
_aOrientalism _zWestern countries. |
|
| 650 | 0 | _aEast and West. | |
| 650 | 0 | _aCulture conflict. | |
| 650 | 0 |
_aMilitary art and science _zWestern countries. |
|
| 650 | 0 |
_aWar and society _zWestern countries. |
|
| 650 | 0 |
_aPublic opinion _zWestern countries. |
|
| 651 | 0 |
_aAsia _xHistory, Military. |
|
| 651 | 0 |
_aAsia _xForeign public opinion. |
|
| 830 | 0 | _aCritical war studies. | |
| 906 |
_a7 _bcbc _corignew _d1 _eecip _f20 _gy-gencatlg |
||
| 942 |
_2ddc _cBK |
||
| 999 |
_c15456 _d15456 |
||